The World of Physical Chemistry /

Gespeichert in:
Bibliographische Detailangaben
1. Verfasser: Laidler, Keith J (Verfasst von)
Format: Buch
Sprache:Englisch
Veröffentlicht: Oxford : Oxford University Press, 1993
Tags: Tag hinzufügen
Keine Tags, Fügen Sie das erste Tag hinzu!

MARC

LEADER 00000nam a22000003a 4500
001 stu24262
005 20150617225742.7
008 961211s1993----uk------------------eng-d
020 |a 0-19-855919-4 
040 |a STU  |b slo 
041 0 |a eng 
044 |a uk 
080 |a 541.1 
100 1 |a Laidler, Keith J  |4 aut 
245 1 |a The World of Physical Chemistry /  |c [aut.]Laidler,Keith J 
260 |a Oxford :  |b Oxford University Press,  |c 1993 
300 |a 476 s :  |b Index,obr.,grafy,tab 
996 |b C94618  |c C*94618  |l CCV  |s P  |a 0  |w stu24262_0001